[Event "Abierto Internacional Carlos I"]
[Site "Hotel Carlos I (Sanxenxo)"]
[Date "2009.06.25"]
[Round "6.7"]
[White "Pena Torres, Jose Carlos"]
[Black "Pena Gomez, Manuel"]
[Result "0-1"]
[WhiteElo "2108"]
[BlackElo "2456"]
[PlyCount "62"]
[EventDate "2009.06.20"]

1. e4 c5 2. Nf3 d6 3. d4 cxd4 4. Nxd4 Nf6 5. Nc3 a6 6. Be2 e5 7. Nb3 Be7 8. O-O
O-O 9. a4 Nc6 10. f4 exf4 11. Bxf4 Be6 12. Kh1 Rc8 13. Bf3 Ne5 14. Nd4 Qb6 15.
Nd5 Nxd5 16. exd5 Bd7 17. Be4 Bg4 18. Qd2 Nc4 19. Qf2 Bf6 20. c3 Rfe8 21. Rac1
Qxb2 22. Qg3 h5 23. h3 Bd7 24. Rb1 Qa3 25. Rb3 Qc5 26. Bf5 Bxf5 27. Nxf5 Qxd5
28. Bxd6 Nxd6 29. Nh6+ Kh7 30. c4 Qxc4 31. Rxf6 Ne4 0-1

[Event "Abierto Internacional Carlos I"]
[Site "Hotel Carlos I (Sanxenxo)"]
[Date "2009.06.25"]
[Round "6.8"]
[White "Senlle Caride, Miguel"]
[Black "Gomez Garrido, Camilo"]
[Result "0-1"]
[WhiteElo "2155"]
[BlackElo "2446"]
[PlyCount "80"]
[EventDate "2009.06.20"]

1. e4 c5 2. Nf3 d6 3. d4 cxd4 4. Nxd4 Nf6 5. Nc3 a6 6. Be3 e5 7. Nb3 Be6 8. f4
exf4 9. Bxf4 Nc6 10. Qd2 d5 11. exd5 Nxd5 12. Nxd5 Qxd5 13. O-O-O Qxd2+ 14.
Rxd2 Rc8 15. Bd3 Be7 16. Be4 O-O 17. Rhd1 Rfe8 18. Bf3 Bf5 19. a3 Bf6 20. g4
Be4 21. Be2 g5 22. Bg3 Nd4 23. Nxd4 Bxd4 24. Rxd4 Rxc2+ 25. Kb1 Rxe2+ 26. Ka2
Bc6 27. Rc1 R2e4 28. Rcc4 h6 29. Rxe4 Rxe4 30. Rxe4 Bxe4 31. Kb3 Bf3 32. Kc4
Bxg4 33. h4 Kh7 34. Kd4 Kg6 35. Ke4 f5+ 36. Ke5 f4 37. Be1 Bh3 38. a4 Kh5 39.
a5 Kg4 40. hxg5 hxg5 0-1

[Event "Abierto Internacional Carlos I"]
[Site "Hotel Carlos I (Sanxenxo)"]
[Date "2009.06.25"]
[Round "6.9"]
[White "Adrian, Claude"]
[Black "Ortiz Fernandez-Vega, Alejandro"]
[Result "1/2-1/2"]
[WhiteElo "2292"]
[BlackElo "2191"]
[PlyCount "77"]
[EventDate "2009.06.20"]

1. c4 Nf6 2. Nc3 g6 3. e4 d6 4. Nge2 Bg7 5. g3 O-O 6. Bg2 c5 7. O-O Nc6 8. d3
a6 9. h3 Rb8 10. a4 Nd4 11. Rb1 Bd7 12. b4 Ne8 13. bxc5 dxc5 14. Nxd4 cxd4 15.
Nd5 Bc6 16. Ba3 Bxd5 17. exd5 b6 18. a5 Bf6 19. axb6 Rxb6 20. Qa4 Nd6 21. Rxb6
Qxb6 22. c5 Qb5 23. Qc2 Qa5 24. Qb3 Nf5 25. Rb1 Qc3 26. Be4 Qd2 27. Qd1 Qa5 28.
Bb4 Qa2 29. Ra1 Qb2 30. Ba3 Qc3 31. Qc1 Rb8 32. g4 Ng7 33. c6 Ne8 34. f4 Nd6
35. Bxd6 exd6 36. g5 Bd8 37. Qxc3 dxc3 38. Rc1 Bb6+ 39. Kf1 1/2-1/2

[Event "Abierto Internacional Carlos I"]
[Site "Hotel Carlos I (Sanxenxo)"]
[Date "2009.06.25"]
[Round "6.10"]
[White "Faber, Michel"]
[Black "Cruz Guerra, Samuel"]
[Result "1-0"]
[WhiteElo "2246"]
[BlackElo "1685"]
[PlyCount "41"]
[EventDate "2009.06.20"]

1. e4 Nc6 2. d4 d5 3. e5 Bf5 4. Ne2 Qd7 5. Ng3 Bg6 6. h4 h6 7. h5 Bh7 8. Bd3
Bxd3 9. Qxd3 Qg4 10. c3 O-O-O 11. Nd2 f6 12. Nf3 fxe5 13. dxe5 e6 14. Be3 d4
15. cxd4 Bb4+ 16. Kf1 Nge7 17. Rh4 Nxe5 18. dxe5 Qxh4 19. Qxd8+ Rxd8 20. Nxh4
Nd5 21. Nf3 1-0

[Event "Abierto Internacional Carlos I"]
[Site "Hotel Carlos I (Sanxenxo)"]
[Date "2009.06.26"]
[Round "7.1"]
[White "Paunovic, Dragan"]
[Black "Strikovic, Aleksa"]
[Result "1/2-1/2"]
[WhiteElo "2537"]
[BlackElo "2536"]
[PlyCount "21"]
[EventDate "2009.06.20"]

1. Nf3 c5 2. c4 Nf6 3. g3 Nc6 4. Bg2 d6 5. O-O g6 6. Nc3 Bg7 7. d4 cxd4 8. Nxd4
Bd7 9. b3 O-O 10. Bb2 Rc8 11. Rc1 1/2-1/2

[Event "Abierto Internacional Carlos I"]
[Site "Hotel Carlos I (Sanxenxo)"]
[Date "2009.06.26"]
[Round "7.2"]
[White "De La Villa Garcia, Jesus Maria"]
[Black "Recuero Guerra, David"]
[Result "1/2-1/2"]
[WhiteElo "2476"]
[BlackElo "2459"]
[PlyCount "28"]
[EventDate "2009.06.20"]

1. e4 c5 2. Nf3 e6 3. d4 cxd4 4. Nxd4 Nf6 5. Nc3 Nc6 6. Ndb5 Bb4 7. a3 Bxc3+ 8.
Nxc3 d5 9. Bd3 dxe4 10. Nxe4 Nxe4 11. Bxe4 Qxd1+ 12. Kxd1 f5 13. Bxc6+ bxc6 14.
Be3 e5 1/2-1/2

[Event "Abierto Internacional Carlos I"]
[Site "Hotel Carlos I (Sanxenxo)"]
[Date "2009.06.26"]
[Round "7.3"]
[White "Aguera Naredo, Javier"]
[Black "Gomez, Ledo Roberto"]
[Result "0-1"]
[WhiteElo "2380"]
[BlackElo "2398"]
[PlyCount "94"]
[EventDate "2009.06.20"]

1. e4 e6 2. d4 d5 3. Nd2 dxe4 4. Nxe4 Bd7 5. Nf3 Bc6 6. Bd3 Nd7 7. O-O Ngf6 8.
Nxf6+ Qxf6 9. c3 Bxf3 10. Qxf3 Qxf3 11. gxf3 Bd6 12. c4 c6 13. Be3 O-O 14. Rfd1
Nf6 15. Rab1 Rfd8 16. b4 a6 17. a4 b5 18. axb5 axb5 19. cxb5 cxb5 20. Bxb5 Rab8
21. Bc6 Rxb4 22. Rxb4 Bxb4 23. Ra1 h6 24. Ra8 Rxa8 25. Bxa8 Kf8 26. Kf1 Bd6 27.
h3 Nd5 28. Ke2 Ke7 29. Bc6 f5 30. Bd2 Kf6 31. Bb7 Bc7 32. Kd3 h5 33. Bc6 g5 34.
Ke2 Bb6 35. Kd3 h4 36. Bb7 Ba7 37. Bc6 Bb8 38. Ke2 Ne7 39. Bb7 Bf4 40. Ba5 Nd5
41. Bd8+ Kg6 42. Bc8 Bc7 43. Bxc7 Nxc7 44. Bd7 Nd5 45. Kf1 Nf4 46. Bc6 Kf6 47.
Bb5 Nxh3 0-1

[Event "Abierto Internacional Carlos I"]
[Site "Hotel Carlos I (Sanxenxo)"]
[Date "2009.06.26"]
[Round "7.4"]
[White "Pena Gomez, Manuel"]
[Black "Faber, Michel"]
[Result "1-0"]
[WhiteElo "2456"]
[BlackElo "2246"]
[PlyCount "45"]
[EventDate "2009.06.20"]

1. c4 c5 2. Nc3 Nc6 3. g3 g6 4. Bg2 Bg7 5. e3 e6 6. Nge2 Nf6 7. d4 cxd4 8. exd4
d5 9. O-O O-O 10. b3 dxc4 11. bxc4 Na5 12. c5 Bd7 13. Bg5 Bc6 14. Ne4 Bxe4 15.
Bxe4 h6 16. Bxf6 Bxf6 17. Rb1 Qc7 18. Qa4 Rad8 19. Rfd1 e5 20. d5 b6 21. d6
Qxc5 22. Rbc1 Qxd6 23. Rxd6 1-0

[Event "Abierto Internacional Carlos I"]
[Site "Hotel Carlos I (Sanxenxo)"]
[Date "2009.06.26"]
[Round "7.5"]
[White "Gonzalez Diaz, Julio"]
[Black "Gomez Garrido, Camilo"]
[Result "1/2-1/2"]
[WhiteElo "2243"]
[BlackElo "2446"]
[PlyCount "93"]
[EventDate "2009.06.20"]

1. c4 e5 2. Nc3 Nc6 3. g3 Nf6 4. Bg2 Bb4 5. e3 O-O 6. Nge2 Re8 7. a3 Bxc3 8.
Nxc3 d6 9. d3 Bg4 10. Qc2 Qd7 11. h3 Bf5 12. Nd5 Nxd5 13. cxd5 Ne7 14. e4 Bg6
15. O-O c6 16. dxc6 Nxc6 17. Be3 f6 18. Rfd1 Rac8 19. Qa4 Qf7 20. b4 a6 21. b5
axb5 22. Qxb5 f5 23. Qc4 Qxc4 24. dxc4 Na5 25. Rxd6 f4 26. gxf4 exf4 27. Bxf4
Bxe4 28. Rb6 Bxg2 29. Kxg2 Re4 30. Bg3 Rcxc4 31. Rb5 Ra4 32. Rd1 Rxa3 33. Rdd5
Nc6 34. Rxb7 Re7 35. Rb6 Rc3 36. Rd6 Ne5 37. Bxe5 Rxe5 38. Rd8+ Kf7 39. Rb7+
Re7 40. Rxe7+ Kxe7 41. Ra8 Rc6 42. Ra4 Kf6 43. Ra5 g5 44. Kg3 h5 45. Ra3 h4+
46. Kg2 Kf5 47. Rf3+ 1/2-1/2

[Event "Abierto Internacional Carlos I"]
[Site "Hotel Carlos I (Sanxenxo)"]
[Date "2009.06.26"]
[Round "7.6"]
[White "Bolhari, Orfeh"]
[Black "Guerra Bastida, Diego"]
[Result "1-0"]
[WhiteElo "2127"]
[BlackElo "2420"]
[PlyCount "81"]
[EventDate "2009.06.20"]

1. e4 c5 2. c4 Nc6 3. Nc3 g6 4. g3 Bg7 5. Bg2 d6 6. d3 Nd4 7. Nge2 Bg4 8. Qa4+
Qd7 9. Qxd7+ Bxd7 10. Nxd4 Bxd4 11. O-O Nf6 12. Ne2 Ng4 13. Nxd4 cxd4 14. f4 h5
15. h3 Nh6 16. b3 Bc6 17. b4 b5 18. Bb2 e5 19. c5 dxc5 20. bxc5 f5 21. fxe5
O-O-O 22. Bc1 Nf7 23. e6 Nh6 24. Bg5 Rde8 25. e7 Kd7 26. Rae1 Rh7 27. Rf4 Rexe7
28. Bxe7 Rxe7 29. e5 Bxg2 30. Rxd4+ Kc6 31. Kxg2 Nf7 32. e6 Ng5 33. Re5 Nh7 34.
Rd6+ Kc7 35. d4 Nf6 36. d5 Ne4 37. Ra6 Kb7 38. d6 Rh7 39. c6+ Kxa6 40. Rxe4 Rh8
41. e7 1-0

[Event "Abierto Internacional Carlos I"]
[Site "Hotel Carlos I (Sanxenxo)"]
[Date "2009.06.26"]
[Round "7.7"]
[White "Rodriguez Lopez, Rafael"]
[Black "Del Barrio Gomez, Jesus Maria"]
[Result "1-0"]
[WhiteElo "2299"]
[BlackElo "2215"]
[PlyCount "73"]
[EventDate "2009.06.20"]

1. Nf3 g6 2. e4 Bg7 3. d4 d6 4. c3 Nd7 5. Bd3 e6 6. O-O Ne7 7. Be3 b6 8. Qc1 h6
9. Nfd2 Bb7 10. f4 f5 11. Bf2 O-O 12. Bh4 Bf6 13. Bxf6 Nxf6 14. Qe1 Qd7 15. e5
dxe5 16. fxe5 Nfd5 17. Nb3 g5 18. Rf2 Ng6 19. Bf1 c5 20. dxc5 f4 21. Bd3 Nh4
22. Be4 Ne3 23. N1d2 Qc7 24. Bxb7 Qxb7 25. Qe2 Qd5 26. Nf3 Nxf3+ 27. Qxf3 Qxe5
28. cxb6 axb6 29. Nd2 Ra4 30. a3 g4 31. Qc6 b5 32. Re1 Rf6 33. Nf1 Rc4 34. Qb6
Re4 35. Nxe3 g3 36. hxg3 fxg3 37. Qd8+ 1-0

[Event "Abierto Internacional Carlos I"]
[Site "Hotel Carlos I (Sanxenxo)"]
[Date "2009.06.26"]
[Round "7.9"]
[White "Alvarez Fernandez, Enrique"]
[Black "Lacrosse, Marc"]
[Result "1-0"]
[WhiteElo "2376"]
[BlackElo "2216"]
[PlyCount "63"]
[EventDate "2009.06.20"]

1. d4 d5 2. Bf4 Nf6 3. e3 c5 4. c3 Nc6 5. Nd2 Bf5 6. Ngf3 Qb6 7. Qb3 c4 8. Qxb6
axb6 9. a3 h6 10. h3 e6 11. Be2 Be7 12. O-O O-O 13. g4 Bh7 14. Kg2 Ne4 15. Nxe4
Bxe4 16. Kg1 f6 17. Nd2 Bg6 18. e4 b5 19. exd5 exd5 20. Nf3 Be4 21. Bg3 Rad8
22. Nd2 Bg6 23. Bf3 Rfe8 24. Rfe1 Kf8 25. Nf1 Rd7 26. Ne3 Red8 27. Kg2 Na7 28.
g5 hxg5 29. Bg4 Nc8 30. Be6 Nb6 31. Nf5 Na4 32. Bxd7 1-0

[Event "Abierto Internacional Carlos I"]
[Site "Hotel Carlos I (Sanxenxo)"]
[Date "2009.06.26"]
[Round "7.10"]
[White "Salgado Lopez, Oscar"]
[Black "Adrian, Claude"]
[Result "1/2-1/2"]
[WhiteElo "2216"]
[BlackElo "2292"]
[PlyCount "46"]
[EventDate "2009.06.20"]

1. e4 e6 2. d4 d5 3. e5 c5 4. c3 Qb6 5. Nf3 Nc6 6. a3 Nh6 7. b4 cxd4 8. cxd4
Nf5 9. Be3 f6 10. exf6 gxf6 11. Bd3 Nxe3 12. fxe3 Bd7 13. O-O Bh6 14. Qe2 Rc8
15. Nbd2 O-O 16. Nb3 Nd8 17. Nc5 Qd6 18. e4 b6 19. e5 fxe5 20. Nxd7 Qxd7 21.
Nxe5 Qg7 22. g3 Rxf1+ 23. Rxf1 Rc1 1/2-1/2

[Event "Abierto Internacional Carlos I"]
[Site "Hotel Carlos I (Sanxenxo)"]
[Date "2009.06.27"]
[Round "8.1"]
[White "Pena Gomez, Manuel"]
[Black "Paunovic, Dragan"]
[Result "1/2-1/2"]
[WhiteElo "2456"]
[BlackElo "2537"]
[PlyCount "107"]
[EventDate "2009.06.20"]

1. g3 Nf6 2. Bg2 d5 3. Nf3 c6 4. O-O Bg4 5. c4 e6 6. b3 Nbd7 7. Bb2 Be7 8. d3
O-O 9. Nbd2 a5 10. Qc2 Bh5 11. Rad1 e5 12. Rc1 Bd6 13. cxd5 cxd5 14. e4 d4 15.
Nc4 Rc8 16. Qb1 Bxf3 17. Nxd6 Rxc1 18. Rxc1 Bxg2 19. Kxg2 Qb8 20. Nb5 b6 21.
Ba3 Nc5 22. Bxc5 bxc5 23. Na3 Nd7 24. Nc4 Qc7 25. Qb2 Ra8 26. Qa3 Qc6 27. Qa4
Qxa4 28. bxa4 Rb8 29. Nxa5 Ra8 30. Nc4 Rxa4 31. a3 f6 32. f4 Kf8 33. Rb1 Ra7
34. Rb5 Ke7 35. Kf3 exf4 36. gxf4 g6 37. Kg4 Ke6 38. h4 h5+ 39. Kf3 Ke7 40. Rb1
Ke6 41. Rb2 Ke7 42. Rg2 Kf7 43. e5 Nf8 44. Ke4 f5+ 45. Kd5 Ne6 46. Rf2 Ra6 47.
Nd6+ Ke7 48. Nb5 Kd7 49. Rf1 Ra4 50. Rf3 Ra5 51. Nd6 Rxa3 52. Ne8 Ra6 53. Nd6
Ra3 54. Ne8 1/2-1/2

[Event "Abierto Internacional Carlos I"]
[Site "Hotel Carlos I (Sanxenxo)"]
[Date "2009.06.27"]
[Round "8.2"]
[White "Gomez, Ledo Roberto"]
[Black "Recuero Guerra, David"]
[Result "1/2-1/2"]
[WhiteElo "2398"]
[BlackElo "2459"]
[PlyCount "60"]
[EventDate "2009.06.20"]

1. d4 Nf6 2. Bg5 e6 3. e4 h6 4. Bxf6 Qxf6 5. c3 d6 6. Bd3 g6 7. Nd2 Bg7 8. Ngf3
Nd7 9. O-O O-O 10. Qc2 e5 11. dxe5 dxe5 12. b4 Qe7 13. Nc4 Rd8 14. Ne3 c6 15.
Bc4 a5 16. a3 b5 17. Bb3 Nb6 18. Rfd1 Rxd1+ 19. Rxd1 axb4 20. axb4 Be6 21. h3
h5 22. Bxe6 Qxe6 23. Qd3 Bf8 24. h4 Be7 25. Qd2 f6 26. Qc1 Kg7 27. Kh2 Bf8 28.
Rd3 Kf7 29. Qd1 Be7 30. Qc1 Bf8 1/2-1/2

[Event "Abierto Internacional Carlos I"]
[Site "Hotel Carlos I (Sanxenxo)"]
[Date "2009.06.27"]
[Round "8.3"]
[White "Strikovic, Aleksa"]
[Black "Bolhari, Orfeh"]
[Result "1-0"]
[WhiteElo "2536"]
[BlackElo "2127"]
[PlyCount "67"]
[EventDate "2009.06.20"]

1. c4 c5 2. Nf3 Nc6 3. Nc3 e5 4. e3 Nge7 5. d4 cxd4 6. exd4 exd4 7. Nxd4 Nxd4
8. Qxd4 Nc6 9. Qe4+ Qe7 10. Bd3 Qxe4+ 11. Bxe4 Bb4 12. Bd2 O-O 13. O-O-O Ne5
14. b3 Ng4 15. Rhf1 Bc5 16. Be1 d6 17. h3 Nf6 18. Bc2 Bd7 19. Ne4 Nxe4 20. Bxe4
Rae8 21. f3 b5 22. b4 Be3+ 23. Kb2 bxc4 24. Rxd6 Bb5 25. Bc3 Bf4 26. Rd5 a6 27.
g4 Re6 28. Rfd1 Ba4 29. R1d4 Be3 30. Rxc4 Bb5 31. Rc7 Rh6 32. Rf5 g6 33. Rfxf7
Rxf7 34. Rc8+ 1-0

[Event "Abierto Internacional Carlos I"]
[Site "Hotel Carlos I (Sanxenxo)"]
[Date "2009.06.27"]
[Round "8.4"]
[White "Rodriguez Lopez, Rafael"]
[Black "De La Villa Garcia, Jesus Maria"]
[Result "0-1"]
[WhiteElo "2299"]
[BlackElo "2476"]
[PlyCount "70"]
[EventDate "2009.06.20"]

1. d4 Nf6 2. Nf3 d5 3. c4 e6 4. Nc3 c6 5. Qb3 dxc4 6. Qxc4 b5 7. Qd3 Nbd7 8.
Bg5 Bb7 9. e3 a6 10. Be2 c5 11. O-O cxd4 12. Nxd4 Be7 13. a3 O-O 14. Rac1 Nc5
15. Qd1 Rc8 16. Bf3 Bxf3 17. Qxf3 Nd3 18. Rcd1 Nxb2 19. Nxe6 Qb6 20. Nxf8 Nxd1
21. Rxd1 Bxf8 22. e4 h6 23. Bh4 Qe6 24. h3 Bxa3 25. Nxb5 axb5 26. Bxf6 Bf8 27.
Bd4 b4 28. Qd3 Rd8 29. Qb1 Qc4 30. Bb2 Rxd1+ 31. Qxd1 Qxe4 32. Bd4 b3 33. Qa1
Qc2 34. Qb2 Qxb2 35. Bxb2 g6 0-1

[Event "Abierto Internacional Carlos I"]
[Site "Hotel Carlos I (Sanxenxo)"]
[Date "2009.06.27"]
[Round "8.5"]
[White "Gomez Garrido, Camilo"]
[Black "Alvarez Fernandez, Enrique"]
[Result "1-0"]
[WhiteElo "2446"]
[BlackElo "2376"]
[PlyCount "57"]
[EventDate "2009.06.20"]

1. e4 c5 2. Nf3 d6 3. d4 cxd4 4. Nxd4 Nf6 5. Nc3 a6 6. Be3 e5 7. Nb3 Be7 8. Qd2
Qc7 9. O-O-O Nbd7 10. g4 b5 11. g5 b4 12. Nd5 Nxd5 13. exd5 a5 14. Kb1 O-O 15.
f4 exf4 16. Bxf4 Nb6 17. Nd4 Bb7 18. Rg1 Nxd5 19. Nf5 Rac8 20. Bh3 Nxf4 21.
Nxe7+ Qxe7 22. Bxc8 Rxc8 23. Qxf4 Be4 24. Rxd6 Bxc2+ 25. Ka1 b3 26. Qd2 g6 27.
Re1 Qc7 28. Rd7 Qb6 29. Rxf7 1-0

[Event "Abierto Internacional Carlos I"]
[Site "Hotel Carlos I (Sanxenxo)"]
[Date "2009.06.27"]
[Round "8.6"]
[White "Paredes Cordo, Jacobo Borja"]
[Black "Aguera Naredo, Javier"]
[Result "1-0"]
[WhiteElo "2231"]
[BlackElo "2380"]
[PlyCount "99"]
[EventDate "2009.06.20"]

1. e4 c5 2. Nc3 Nc6 3. g3 g6 4. Bg2 Bg7 5. d3 d6 6. f4 Nf6 7. Nf3 O-O 8. O-O
Rb8 9. h3 b5 10. g4 b4 11. Ne2 c4 12. Be3 Bxg4 13. hxg4 Nxg4 14. Bc1 cxd3 15.
cxd3 Qb6+ 16. d4 e5 17. Kh1 exd4 18. Qd3 Qb5 19. Ne1 Na5 20. Bh3 Qh5 21. Kg2
Ne3+ 22. Bxe3 dxe3 23. Nf3 Bxb2 24. Rab1 Bg7 25. Qxe3 Qc5 26. Qd3 Qc4 27. Qxc4
Nxc4 28. Rfc1 Na3 29. Rb3 a5 30. Nfd4 a4 31. Rd3 Rb7 32. Kf3 h5 33. Bc8 Ra7 34.
Bh3 Rb7 35. Bc8 Rb6 36. Bd7 Ra8 37. Rc6 Rxc6 38. Bxc6 Ra6 39. Bd5 Rb6 40. Rd1
Nb5 41. Ke3 Nc7 42. Bc4 Ne8 43. Rb1 Nc7 44. Nc2 d5 45. exd5 Bf8 46. Ned4 Bc5
47. Ke4 Rf6 48. Nc6 Bd6 49. Ne5 Rf5 50. Nxb4 1-0

[Event "Abierto Internacional Carlos I"]
[Site "Hotel Carlos I (Sanxenxo)"]
[Date "2009.06.27"]
[Round "8.7"]
[White "Lemeaux, David"]
[Black "Gonzalez Diaz, Julio"]
[Result "0-1"]
[WhiteElo "2204"]
[BlackElo "2243"]
[PlyCount "100"]
[EventDate "2009.06.20"]

1. d4 d6 2. Nf3 g6 3. c4 Bg7 4. Nc3 Bg4 5. g3 Bxf3 6. exf3 e6 7. Bg2 Nd7 8. f4
Rb8 9. O-O Ne7 10. b3 O-O 11. Bb2 a6 12. Qd2 Nf5 13. d5 e5 14. fxe5 Bxe5 15.
Ne4 Bxb2 16. Qxb2 Ng7 17. f4 f5 18. Ng5 Qf6 19. Qd2 Rfe8 20. b4 h6 21. Nf3 Re4
22. c5 Rbe8 23. c6 bxc6 24. dxc6 Nb6 25. a4 Nc4 26. Qd5+ Kh7 27. Rfb1 Ne3 28.
Qd3 Rxb4 29. Bf1 Nxf1 30. Rxf1 Ne6 31. Qxa6 Nd4 32. Ra2 Nxf3+ 33. Rxf3 Re1+ 34.
Kg2 Qd4 35. Qc8 Re7 36. a5 Rb2+ 37. Rxb2 Qxb2+ 38. Rf2 Qb5 39. a6 Qxc6+ 40. Kh3
Re8 41. Qb7 Qxb7 42. axb7 Rb8 43. Re2 Rxb7 44. Re7+ Kg8 45. Rd7 Kf8 46. g4 Rb3+
47. Kh4 Rb4 48. gxf5 Rxf4+ 49. Kg3 Rxf5 50. Rxc7 Rf7 0-1

[Event "Abierto Internacional Carlos I"]
[Site "Hotel Carlos I (Sanxenxo)"]
[Date "2009.06.27"]
[Round "8.9"]
[White "Guerra Bastida, Diego"]
[Black "Eyo Castro-Rial, Alberto"]
[Result "1-0"]
[WhiteElo "2420"]
[BlackElo "2193"]
[PlyCount "59"]
[EventDate "2009.06.20"]

1. e4 e6 2. d4 d5 3. Nc3 Nf6 4. e5 Nfd7 5. Nf3 c5 6. dxc5 Nc6 7. Bf4 Bxc5 8.
Bd3 f6 9. exf6 Nxf6 10. O-O O-O 11. Bg3 Nh5 12. Bh4 Qe8 13. Nb5 Nf4 14. Nc7 Qh5
15. Nxa8 e5 16. Bg3 e4 17. Bxf4 exf3 18. Qxf3 Qxf3 19. gxf3 Rxf4 20. Nc7 Bh3
21. Nxd5 Rf8 22. Be4 Bxf1 23. Rxf1 Nd4 24. Kg2 b6 25. Re1 g5 26. a3 Nb5 27. Bd3
a6 28. a4 Na7 29. b4 Bd6 30. Nxb6 1-0

[Event "Abierto Internacional Carlos I"]
[Site "Hotel Carlos I (Sanxenxo)"]
[Date "2009.06.27"]
[Round "8.10"]
[White "Adrian, Claude"]
[Black "Zamarbide Iñarrea, Daniel"]
[Result "1/2-1/2"]
[WhiteElo "2292"]
[BlackElo "2150"]
[PlyCount "118"]
[EventDate "2009.06.20"]

1. c4 Nf6 2. Nf3 e6 3. g3 d5 4. d4 dxc4 5. Bg2 Bb4+ 6. Bd2 a5 7. O-O O-O 8. Qc2
Bxd2 9. Nbxd2 b5 10. a4 c6 11. b3 cxb3 12. Nxb3 b4 13. e4 Nbd7 14. Rfd1 Qb6 15.
e5 Nd5 16. Ng5 g6 17. Qe4 Kg7 18. Qh4 h6 19. Ne4 Ba6 20. Rac1 Qc7 21. Rd2 N7b6
22. Nbc5 Bc4 23. Nd6 Nc3 24. Be4 Bd5 25. Qf6+ Kh7 26. h4 Bxe4 27. Ncxe4 Nbd5
28. Qf3 Kg7 29. Kg2 Nxa4 30. h5 Nac3 31. Rh1 a4 32. Qg4 Qe7 33. Rd3 a3 34. Rf3
g5 35. Rf6 Nxe4 36. Nxe4 Rg8 37. Kh3 Kh7 38. Qe2 Nxf6 39. Nxf6+ Kg7 40. Ra1 Qb7
41. Qd3 Rh8 42. Qb3 Qb5 43. f4 Kf8 44. f5 Ke7 45. Ne4 Rhd8 46. fxe6 fxe6 47.
Nc5 Rd5 48. Qc2 Rf8 49. Qh7+ Rf7 50. Qxh6 g4+ 51. Kh4 Qe2 52. Qxe6+ Kf8 53.
Qh6+ Kg8 54. Qg6+ Rg7 55. Qe6+ Kh8 56. Qh6+ Kg8 57. Qe6+ Kh7 58. Qf5+ Kh8 59.
Qf8+ Kh7 1/2-1/2

[Event "Abierto Internacional Carlos I"]
[Site "Hotel Carlos I (Sanxenxo)"]
[Date "2009.06.28"]
[Round "9.1"]
[White "Paunovic, Dragan"]
[Black "De La Villa Garcia, Jesus Maria"]
[Result "1/2-1/2"]
[WhiteElo "2537"]
[BlackElo "2476"]
[PlyCount "25"]
[EventDate "2009.06.20"]

1. Nf3 d5 2. d4 Nf6 3. c4 e6 4. Nc3 c6 5. cxd5 exd5 6. Bg5 h6 7. Bxf6 Qxf6 8.
e3 Bd6 9. Bd3 O-O 10. O-O Bg4 11. h3 Bxf3 12. Qxf3 Qxf3 13. gxf3 1/2-1/2

[Event "Abierto Internacional Carlos I"]
[Site "Hotel Carlos I (Sanxenxo)"]
[Date "2009.06.28"]
[Round "9.2"]
[White "Recuero Guerra, David"]
[Black "Strikovic, Aleksa"]
[Result "0-1"]
[WhiteElo "2459"]
[BlackElo "2536"]
[PlyCount "80"]
[EventDate "2009.06.20"]

1. e4 d6 2. d4 Nf6 3. Nc3 e5 4. Nf3 Nbd7 5. Bc4 Be7 6. a4 O-O 7. O-O a5 8. Re1
c6 9. h3 exd4 10. Qxd4 Nb6 11. Ba2 d5 12. exd5 Nbxd5 13. Nxd5 Nxd5 14. Bxd5
cxd5 15. Bf4 Bf5 16. Qd2 Be4 17. Nd4 Bc5 18. Nb3 Bb6 19. c3 Qf6 20. Kh1 Rfe8
21. Bg3 Qg6 22. Kh2 h5 23. f3 h4 24. Bf2 Bc7+ 25. Kh1 Qd6 26. Bg1 Bf5 27. Nd4
Bd7 28. Qg5 Qg3 29. Qxg3 Bxg3 30. Red1 Ra6 31. Nb3 Re2 32. Nc5 Rd6 33. Nxb7 Rg6
34. Rxd5 Be6 35. Rxa5 Bc7 36. Rh5 Rgxg2 37. Nc5 Rg3 38. Bd4 Rxh3+ 39. Kg1 Bh2+
40. Kf1 Bc4 0-1

[Event "Abierto Internacional Carlos I"]
[Site "Hotel Carlos I (Sanxenxo)"]
[Date "2009.06.28"]
[Round "9.3"]
[White "Gomez, Ledo Roberto"]
[Black "Pena Gomez, Manuel"]
[Result "1-0"]
[WhiteElo "2398"]
[BlackElo "2456"]
[PlyCount "83"]
[EventDate "2009.06.20"]

1. d4 Nf6 2. Bg5 Ne4 3. Bf4 c5 4. f3 Qa5+ 5. c3 Nf6 6. d5 Qb6 7. Bc1 e6 8. e4
exd5 9. exd5 c4 10. Bxc4 Bc5 11. Ne2 O-O 12. Nd2 Re8 13. Nb3 Bg1 14. Nbd4 Bxh2
15. Rxh2 Qc7 16. d6 Qxc4 17. Bg5 Qc5 18. Bxf6 Qxd6 19. Rh1 Qxf6 20. Qc2 h6 21.
O-O-O Nc6 22. g4 d5 23. Rdg1 Ne5 24. Rg3 Ng6 25. Qd2 Bd7 26. f4 Re4 27. f5 Ne5
28. g5 hxg5 29. Rxg5 g6 30. Rg2 Rh4 31. Rf1 Rc8 32. Kb1 Nc4 33. Qc1 Re4 34.
Rff2 Qb6 35. fxg6 fxg6 36. Nf4 Na3+ 37. Ka1 Qxd4 38. Nxg6 Bg4 39. Rf8+ Rxf8 40.
cxd4 Rc8 41. Ne7+ Rxe7 42. Qxc8+ 1-0

[Event "Abierto Internacional Carlos I"]
[Site "Hotel Carlos I (Sanxenxo)"]
[Date "2009.06.28"]
[Round "9.4"]
[White "Gonzalez Diaz, Julio"]
[Black "Paredes Cordo, Jacobo Borja"]
[Result "1/2-1/2"]
[WhiteElo "2243"]
[BlackElo "2231"]
[PlyCount "108"]
[EventDate "2009.06.20"]

1. c4 e5 2. g3 Nc6 3. Bg2 d6 4. Nc3 Be6 5. d3 Qd7 6. b4 Nge7 7. b5 Nd8 8. Qb3
c6 9. bxc6 bxc6 10. Ba3 Nc8 11. h3 Be7 12. Nf3 f5 13. O-O O-O 14. Kh2 Bf6 15.
e4 Rf7 16. exf5 Bxf5 17. Ne4 Ne6 18. Nxf6+ Rxf6 19. c5 e4 20. Nd4 Kh8 21. Nxf5
Rxf5 22. dxe4 Nxc5 23. Qc2 Rh5 24. Qe2 Qe8 25. f4 Ne6 26. Bb2 Nf8 27. f5 Nd7
28. g4 Rh6 29. g5 Rh5 30. f6 Rxg5 31. fxg7+ Kg8 32. Qc4+ d5 33. exd5 Ncb6 34.
Qf4 Rxg2+ 35. Kxg2 Nxd5 36. Qf3 Ne3+ 37. Kh1 Nxf1 38. Rxf1 Qe6 39. Qf5 Re8 40.
Qxe6+ Rxe6 41. Rd1 Nf6 42. Rg1 Nh5 43. Bd4 a6 44. Rb1 Nxg7 45. Rb8+ Re8 46. Rb6
Nf5 47. Bf2 Re2 48. Kg2 Rxa2 49. Rxc6 a5 50. Kf3 a4 51. Rf6 Ne7 52. Bd4 Ng6 53.
Ra6 a3 54. Bc5 Ra1 1/2-1/2

[Event "Abierto Internacional Carlos I"]
[Site "Hotel Carlos I (Sanxenxo)"]
[Date "2009.06.28"]
[Round "9.5"]
[White "Alvarez de Ron Cruz, Dan"]
[Black "Gomez Garrido, Camilo"]
[Result "1/2-1/2"]
[WhiteElo "2260"]
[BlackElo "2446"]
[PlyCount "113"]
[EventDate "2009.06.20"]

1. Nf3 d5 2. c4 c6 3. b3 Nf6 4. g3 Bg4 5. Bb2 Nbd7 6. Bg2 e6 7. O-O Bd6 8. d3
h5 9. cxd5 cxd5 10. Re1 h4 11. e4 hxg3 12. hxg3 dxe4 13. dxe4 Bc5 14. Nc3 Bxf3
15. Qxf3 Ne5 16. Qe2 Nfg4 17. Qb5+ Nd7 18. Nd1 Qg5 19. e5 Bb6 20. Rc1 Nxf2 21.
Nxf2 Qxg3 22. Rc2 Rh2 23. Qf1 Rh4 24. Qe2 Qh2+ 25. Kf1 Rf4 26. Qd3 Qh4 27. Ree2
g5 28. Bc1 Rf5 29. Qh3 Qd4 30. Qc3 Qd1+ 31. Re1 Qh5 32. Qh3 Qh4 33. Qxh4 gxh4
34. Be4 Rxe5 35. Bxb7 Rd8 36. Bc6 Rf5 37. Kg2 Ke7 38. Ba3+ Kf6 39. Ng4+ Kg7 40.
Bb2+ Kf8 41. Ba3+ Kg7 42. Bb2+ Kf8 43. Rd1 Nc5 44. Rxd8+ Bxd8 45. Rxc5 Rxc5 46.
Ba3 Be7 47. Bxc5 Bxc5 48. Kh3 Ke7 49. Bg2 Bd4 50. Kxh4 Kd6 51. Bf1 f5 52. Nh2
Bf6+ 53. Kg3 e5 54. Kf3 e4+ 55. Kf4 Be5+ 56. Kxf5 Bxh2 57. Kxe4 1/2-1/2